<?xml version="1.0" encoding="UTF-8"?>
<record
    xmlns:xsi="http://www.w3.org/2001/XMLSchema-instance"
    xsi:schemaLocation="http://www.loc.gov/MARC21/slim http://www.loc.gov/standards/marcxml/schema/MARC21slim.xsd"
    xmlns="http://www.loc.gov/MARC21/slim">

  <leader>02306nam2a2200385   4500</leader>
  <controlfield tag="001">RU\NLR\BIBL_A\012181177</controlfield>
  <controlfield tag="005">20260409075235.0</controlfield>
  <datafield tag="010" ind1=" " ind2=" ">
    <subfield code="a">978-5-248-00931-2</subfield>
  </datafield>
  <datafield tag="035" ind1=" " ind2=" ">
    <subfield code="a">(NLR Aleph) 012181177</subfield>
  </datafield>
  <datafield tag="090" ind1=" " ind2=" ">
    <subfield code="a">12279890</subfield>
    <subfield code="c">12279890</subfield>
  </datafield>
  <datafield tag="100" ind1=" " ind2=" ">
    <subfield code="a">20200117d2019    u  y0rusy50      ca</subfield>
  </datafield>
  <datafield tag="101" ind1="0" ind2=" ">
    <subfield code="a">rus</subfield>
    <subfield code="d">eng</subfield>
  </datafield>
  <datafield tag="102" ind1=" " ind2=" ">
    <subfield code="a">RU</subfield>
  </datafield>
  <datafield tag="105" ind1=" " ind2=" ">
    <subfield code="a">ac  z   000yy</subfield>
  </datafield>
  <datafield tag="200" ind1="1" ind2=" ">
    <subfield code="a">&#x41C;&#x430;&#x442;&#x435;&#x440;&#x438;&#x430;&#x43B;&#x44B; XVI &#x411;&#x435;&#x440;&#x435;&#x437;&#x435;&#x43D;&#x441;&#x43A;&#x438;&#x445; &#x447;&#x442;&#x435;&#x43D;&#x438;&#x439;</subfield>
    <subfield code="d">Proceedings of XVI Berezinsky readings</subfield>
    <subfield code="z">eng</subfield>
  </datafield>
  <datafield tag="210" ind1=" " ind2=" ">
    <subfield code="d">2019</subfield>
  </datafield>
  <datafield tag="215" ind1=" " ind2=" ">
    <subfield code="a">184 c.</subfield>
    <subfield code="c">&#x438;&#x43B;., &#x43F;&#x43E;&#x440;&#x442;&#x440;.</subfield>
    <subfield code="d">21</subfield>
  </datafield>
  <datafield tag="300" ind1=" " ind2=" ">
    <subfield code="a">&#x420;&#x435;&#x437;. &#x43D;&#x430; &#x430;&#x43D;&#x433;&#x43B;. &#x44F;&#x437;.</subfield>
  </datafield>
  <datafield tag="320" ind1=" " ind2=" ">
    <subfield code="a">&#x411;&#x438;&#x431;&#x43B;&#x438;&#x43E;&#x433;&#x440;. &#x432; &#x43A;&#x43E;&#x43D;&#x446;&#x435; &#x441;&#x442;.</subfield>
  </datafield>
  <datafield tag="461" ind1=" " ind2="0">
    <subfield code="1">001RU\NLR\INFOCOMM55\5000194997</subfield>
    <subfield code="1">2001#$a&#x42F;&#x437;&#x44B;&#x43A;&#x43E;&#x432;&#x43E;&#x435; &#x431;&#x44B;&#x442;&#x438;&#x435; &#x447;&#x435;&#x43B;&#x43E;&#x432;&#x435;&#x43A;&#x430; &#x438; &#x44D;&#x442;&#x43D;&#x43E;&#x441;&#x430;: &#x43F;&#x441;&#x438;&#x445;&#x43E;&#x43B;&#x438;&#x43D;&#x433;&#x432;&#x438;&#x441;&#x442;&#x438;&#x447;&#x435;&#x441;&#x43A;&#x438;&#x439; &#x438; &#x43A;&#x43E;&#x433;&#x43D;&#x438;&#x442;&#x438;&#x432;&#x43D;&#x44B;&#x439; &#x430;&#x441;&#x43F;&#x435;&#x43A;&#x442;&#x44B;$e&#x421;&#x431;. &#x441;&#x442;.$f&#x410;&#x43B;&#x442;. &#x433;&#x43E;&#x441;. &#x443;&#x43D;-&#x442;, &#x410;&#x43B;&#x442;. &#x430;&#x43A;&#x430;&#x434;. &#x44D;&#x43A;&#x43E;&#x43D;&#x43E;&#x43C;&#x438;&#x43A;&#x438; &#x438; &#x43F;&#x440;&#x430;&#x432;&#x430;$v&#x412;&#x44B;&#x43F;. 21</subfield>
    <subfield code="9">2975793</subfield>
    <subfield code="c">&#x411;&#x430;&#x440;&#x43D;&#x430;&#x443;&#x43B;</subfield>
    <subfield code="d">2000-</subfield>
    <subfield code="f">&#x410;&#x43B;&#x442;. &#x433;&#x43E;&#x441;. &#x443;&#x43D;-&#x442;, &#x410;&#x43B;&#x442;. &#x430;&#x43A;&#x430;&#x434;. &#x44D;&#x43A;&#x43E;&#x43D;&#x43E;&#x43C;&#x438;&#x43A;&#x438; &#x438; &#x43F;&#x440;&#x430;&#x432;&#x430;</subfield>
    <subfield code="n">&#x418;&#x437;&#x434;-&#x432;&#x43E; &#x410;&#x43B;&#x442;. &#x430;&#x43A;&#x430;&#x434;. &#x44D;&#x43A;&#x43E;&#x43D;&#x43E;&#x43C;&#x438;&#x43A;&#x438; &#x438; &#x43F;&#x440;&#x430;&#x432;&#x430;</subfield>
    <subfield code="o">&#x421;&#x431;. &#x441;&#x442;.</subfield>
    <subfield code="t">&#x42F;&#x437;&#x44B;&#x43A;&#x43E;&#x432;&#x43E;&#x435; &#x431;&#x44B;&#x442;&#x438;&#x435; &#x447;&#x435;&#x43B;&#x43E;&#x432;&#x435;&#x43A;&#x430; &#x438; &#x44D;&#x442;&#x43D;&#x43E;&#x441;&#x430;: &#x43F;&#x441;&#x438;&#x445;&#x43E;&#x43B;&#x438;&#x43D;&#x433;&#x432;&#x438;&#x441;&#x442;&#x438;&#x447;&#x435;&#x441;&#x43A;&#x438;&#x439; &#x438; &#x43A;&#x43E;&#x433;&#x43D;&#x438;&#x442;&#x438;&#x432;&#x43D;&#x44B;&#x439; &#x430;&#x441;&#x43F;&#x435;&#x43A;&#x442;&#x44B;</subfield>
    <subfield code="v">&#x412;&#x44B;&#x43F;. 21</subfield>
  </datafield>
  <datafield tag="510" ind1="1" ind2=" ">
    <subfield code="a">Proceedings of XVI Berezinsky readings</subfield>
    <subfield code="z">eng</subfield>
  </datafield>
  <datafield tag="606" ind1="1" ind2=" ">
    <subfield code="a">&#x41A;&#x43E;&#x433;&#x43D;&#x438;&#x442;&#x438;&#x432;&#x43D;&#x430;&#x44F; &#x43B;&#x438;&#x43D;&#x433;&#x432;&#x438;&#x441;&#x442;&#x438;&#x43A;&#x430;</subfield>
    <subfield code="j">&#x421;&#x44A;&#x435;&#x437;&#x434;&#x44B;, &#x441;&#x43E;&#x432;&#x435;&#x449;&#x430;&#x43D;&#x438;&#x44F; &#x438; &#x442;.&#x43F;</subfield>
    <subfield code="9">1523672</subfield>
    <subfield code="3">RU\NLR\AUTH\66662714</subfield>
  </datafield>
  <datafield tag="606" ind1="1" ind2=" ">
    <subfield code="a">&#x41A;&#x430;&#x440;&#x442;&#x438;&#x43D;&#x430; &#x43C;&#x438;&#x440;&#x430; (&#x43B;&#x438;&#x43D;&#x433;&#x432;.)</subfield>
    <subfield code="j">&#x421;&#x44A;&#x435;&#x437;&#x434;&#x44B;, &#x441;&#x43E;&#x432;&#x435;&#x449;&#x430;&#x43D;&#x438;&#x44F; &#x438; &#x442;.&#x43F;</subfield>
    <subfield code="9">2410731</subfield>
    <subfield code="3">RU\NLR\AUTH\661436371</subfield>
  </datafield>
  <datafield tag="606" ind1="1" ind2=" ">
    <subfield code="a">&#x41A;&#x43E;&#x43C;&#x43C;&#x443;&#x43D;&#x438;&#x43A;&#x430;&#x442;&#x438;&#x432;&#x43D;&#x430;&#x44F; &#x43B;&#x438;&#x43D;&#x433;&#x432;&#x438;&#x441;&#x442;&#x438;&#x43A;&#x430;</subfield>
    <subfield code="j">&#x421;&#x44A;&#x435;&#x437;&#x434;&#x44B;, &#x441;&#x43E;&#x432;&#x435;&#x449;&#x430;&#x43D;&#x438;&#x44F; &#x438; &#x442;.&#x43F;</subfield>
    <subfield code="9">1366505</subfield>
    <subfield code="3">RU\NLR\AUTH\66572162</subfield>
  </datafield>
  <datafield tag="606" ind1=" " ind2=" ">
    <subfield code="a">&#x414;&#x438;&#x441;&#x43A;&#x443;&#x440;&#x441; (&#x43B;&#x438;&#x43D;&#x433;&#x432;.)</subfield>
    <subfield code="j">&#x421;&#x44A;&#x435;&#x437;&#x434;&#x44B;, &#x441;&#x43E;&#x432;&#x435;&#x449;&#x430;&#x43D;&#x438;&#x44F; &#x438; &#x442;.&#x43F;</subfield>
    <subfield code="3">RU\NLR\AUTH\661418476</subfield>
    <subfield code="9">2377099</subfield>
  </datafield>
  <datafield tag="606" ind1=" " ind2=" ">
    <subfield code="a">&#x41F;&#x435;&#x440;&#x435;&#x432;&#x43E;&#x434; (&#x43B;&#x438;&#x43D;&#x433;&#x432;.)</subfield>
    <subfield code="j">&#x421;&#x44A;&#x435;&#x437;&#x434;&#x44B;, &#x441;&#x43E;&#x432;&#x435;&#x449;&#x430;&#x43D;&#x438;&#x44F; &#x438; &#x442;.&#x43F;</subfield>
    <subfield code="3">RU\NLR\AUTH\66701106</subfield>
    <subfield code="9">1594424</subfield>
  </datafield>
  <datafield tag="686" ind1="1" ind2=" ">
    <subfield code="a">&#x428;100.4&#x44F;431</subfield>
  </datafield>
  <datafield tag="686" ind1="1" ind2=" ">
    <subfield code="a">&#x428;100.0&#x44F;431</subfield>
  </datafield>
  <datafield tag="686" ind1="1" ind2=" ">
    <subfield code="a">&#x428;107.7&#x44F;431</subfield>
  </datafield>
  <datafield tag="710" ind1="1" ind2="2">
    <subfield code="a">&#x41C;&#x435;&#x436;&#x434;&#x443;&#x43D;&#x430;&#x440;&#x43E;&#x434;&#x43D;&#x44B;&#x435; &#x411;&#x435;&#x440;&#x435;&#x437;&#x438;&#x43D;&#x441;&#x43A;&#x438;&#x435; &#x447;&#x442;&#x435;&#x43D;&#x438;&#x44F;</subfield>
    <subfield code="d">16</subfield>
    <subfield code="e">&#x41C;&#x43E;&#x441;&#x43A;&#x432;&#x430;</subfield>
    <subfield code="f">2019</subfield>
    <subfield code="9">691156</subfield>
    <subfield code="3">RU\NLR\AUTH\880515251</subfield>
  </datafield>
  <datafield tag="852" ind1=" " ind2=" ">
    <subfield code="a">NLR</subfield>
    <subfield code="j">&#x41F;25/376</subfield>
  </datafield>
  <datafield tag="942" ind1=" " ind2=" ">
    <subfield code="c">ISSUE</subfield>
  </datafield>
  <datafield tag="980" ind1=" " ind2=" ">
    <subfield code="a">NB</subfield>
  </datafield>
  <datafield tag="980" ind1=" " ind2=" ">
    <subfield code="a">RUSPER</subfield>
  </datafield>
</record>
